01017nam a2200265 i 4500001000300000100002400003245014300027260005000170300002800220490006700248504001400315650004200329650002500371650002100396655003000417700002500447830005900472015001800531020001500549040000800564041000800572080003200580008004100612856009800653bg1 aNAWIRSKA, Agnieszka10aGospodarka wodno-ściekowa w zakładach przemysłu spożywczego :bprzewodnik do ćwiczeń /cAgnieszka Nawirska, Lesław Szymański. aWrocław :bWydaw. Akademii Rolniczej,c2002. a111 s. :bil. ;c24 cm.1 aSkrypty Akademii Rolniczej we Wrocławiu,x0239-5762 ;vnr 472 aBibliogr. 9aPrzemysł rolno-spożywczyxzakłady 9aŚciekixgospodarka 9aWodaxgospodarka aPodręczniki akademickie1 aSZYMAŃSKI, Lesław aSkrypty Akademii Rolniczej we Wrocławiu,x0239-5762 ; aPB 12876/2002 a8387866091 cBPK0 apol a628.3/.4:338.45:664](075.8) s pl f |000 0 pol  uhttp://koha.tu.koszalin.pl/cgi-bin/koha/opac-detail.pl?biblionumber=46172yKatalog online BPK